LEADER 00935nam 2200349 450 001 990002729020203316 005 20060405104708.0 035 $a000272902 035 $aUSA01000272902 035 $a(ALEPH)000272902USA01 035 $a000272902 100 $a20060405d1993----km-y0itay0103----ba 101 $afre 102 $aFR 105 $a-||-||||001yy 200 1 $aFrançois Nourissier$eportrait-verité$fPol Vandromme 210 $aParis$cLa table Ronde$d[copyr. 1993] 215 $a242 p.$d20 cm 410 0$12001 454 1$12001 461 1$1001-------$12001 676 $a843 700 $aVANDROMME,$bPol$0132535 801 0$aIT$bsalbc$gISBD 912 $a990002729020203316 951 $aXV.4.B. 21$bF.F.$cXV.4. 959 $aBK 969 $aUMA 979 $aSENATORE$b90$c20060405$lUSA01$h1045 979 $aSENATORE$b90$c20060405$lUSA01$h1047 996 $aFrançois Nourissier$91000450 997 $aUNISA LEADER 01371nam0 2200289 450 001 000042786 005 20170210122826.0 010 $a2-222-02433-1 100 $a20170210d--------km-y0itaa50------ba 101 0 $afre$agre 102 $aFR 200 1 $a<> plus anciens recueils des miracles de Saint Démétrius et la pénétration des slaves dans les Balkans$fPaul Lemerle 210 $aParis$cEditions du Centre national de la recherche scientifique 215 $aVolumi$d24 cm 225 2 $aLe monde byzantin 327 1 $aVol 1: Le texte. - 1979. - 268 p.$aVol 2: Commentaire. - 1981. - 262 p., [1] carta di tav. rip. 410 0$12001$a<> monde byzantin 700 1$aLemerle,$bPaul$0152892 801 0$aIT$bUniversità della Basilicata - B.I.A.$gREICAT$2unimarc 912 $a000042786 996 $aPlus anciens recueils des miracles de Saint Démétrius et la pénétration des slaves dans les Balkans$91531747 997 $aUNIBAS BAS $aLETTERE CAT $aSTD109$b01$c20170210$lBAS01$h1228 FMT Z30 -1$lBAS01$LBAS01$mBOOK$1BASA1$APolo Storico-Umanistico$2GEN$BCollezione generale$3DD/49344$649344$5L49344$820170210$f02$FPrestabile Generale$hVol 1.: Le texte Z30 -1$lBAS01$LBAS01$mBOOK$1BASA1$APolo Storico-Umanistico$2GEN$BCollezione generale$3DD/49345$649345$5L49345$820170210$f02$FPrestabile Generale$hVol2.: Commentaire